000 00989nam a2200265Ia 4500
003 GCL
008 140319s9999 xx 000 0 ara d
020 _a9261009957
040 _aGCL /
_cGCL
082 0 4 _a302.2
_bي ا
100 1 _aياس خضير البياتى
245 1 0 _aالاتصال الدولى والعربى :
_bمجتمع المعلومات ومجتمع الورق /
_cياس خضير البياتى
260 _aالاردن :
_bدار الشروق للنشر والتوزيع ،
_c2006
300 _a383 ص ؛
_c24 سم
650 0 4 _aوسائل الاعلام
650 0 4 _aالاعلام الدولى
650 0 4 _aوكالات الانباء
650 0 4 _aالصحافة الدولية
650 0 4 _aالاعلام العربى
650 0 4 _aمجتمع المعلومات
650 0 4 _aالاعلام - العولمة
650 0 4 _aالاتصال الثقافى
650 0 4 _aالتكنولوجيا الرقمية - الاعلام
942 _2ddc
_cBK
999 _c10147
_d10147